000 00889nas a2200277 4500
001 BR2011008057
003 BR-BrBNA
005 20231205115854.0
007 ta
008 230509b bl.|||p| |||| 00| 00por d
040 _aBR-BrBNA
_bpor
_cBiblioteca Nacional de Agricultura
041 _a(Pt)
072 _aK50
100 1 _aBatista, D.C.
100 1 _aTomaselli, I.
100 1 _aKlitzke, R.J.
245 1 _aEfeito do tempo e da temperatura de modificação térmica na redução do inchamento máximo da madeira de Eucalyptus grandis Hill ex Maiden
650 _aMADEIRA
650 _aEUCALIPTO
650 _aPROCESSAMENTO
650 _aTEMPERATURA
650 _aPRESERVAÇÃO DA MADEIRA
773 0 _tCiência Florestal (Brazil)
_xISSN 0103-9954
_g(Jul-Sep 2011), v. 21(3) p. 533-540
_wBR2011008057
909 _a202311
_bLúcia
_c55
_dLúcia Elande
942 _2AGRIS
_n0
_cANA
999 _c216106
_d216106